| 000 | 00672cam a2200157 a 4500 | ||
|---|---|---|---|
| 020 | _a9264129553 (pbk.) | ||
| 082 | 0 |
_a338.9492/06 _bORG _cMCE, L-30, P-177 |
|
| 245 | 0 | 0 | _aReviews of national science and technology policy. |
| 260 |
_aParis : _bOrganisation for Economic Co-operation and Development ; _aWashington, D.C. : _bOECD Publications and Information Centre [distributor], _c1987. |
||
| 300 |
_a141 p. ; _c23 cm. |
||
| 526 |
_a0 _b0 _c0 _d338_949206000000000_ORG |
||
| 650 | 0 |
_aScience and state _zNetherlands. _937325 |
|
| 650 | 0 |
_aTechnology and state _zNetherlands. _937326 |
|
| 710 | 2 |
_aOrganisation for Economic Co-operation and Development. _92909 |
|
| 942 |
_2ddc _cBK |
||
| 999 |
_c542223 _d542223 |
||